000 00824nam a2200229Ii 4500
003 JO-AjNU
008 230605s9999||||xx |||||||||||||| ||und||
017 _a21070
020 _a977-31-320-1
040 _aJO-AjNU
_bara
_erda
_cJO-AjNU
041 _aara
050 1 4 _aLC3965.A2338 2012
100 3 _aعبد المعطي، حسن مصطفى مؤلف/أبو قلة، عبد الحميد م.مشارك,
_eauthor
_944685
245 0 0 _aمدخل إلى التربية الخاصة
250 _aط2 مزيدة ومنقحة
264 3 1 _aالقاهرة:زهراء الشرق،2012
300 _a338ص
336 _atext
_btxt
_2rdacontent
337 _aunmediated
_bn
_2rdamedia
338 _avolume
_bnc
_2rdacarrier
650 4 _aالمعوقون-تربية وتعليم. المعوقون-رعاية وعلاج
_944686
999 _aA19312
_c22880
_d22880